Diplomatic tradecraft/ (Record no. 761155)
[ view plain ]
| 000 -LEADER | |
|---|---|
| fixed length control field | 00327nam a22001217a 4500 |
| 020 ## - INTERNATIONAL STANDARD BOOK NUMBER | |
| ISBN | 9781009100410 |
| 082 ## - DEWEY DECIMAL CLASSIFICATION NUMBER | |
| Classification number | 327.202 KAR/D |
| 245 ## - TITLE STATEMENT | |
| Title | Diplomatic tradecraft/ |
| Statement of responsibility, etc | edited by Nicholas Karlev |
| 260 ## - PUBLICATION, DISTRIBUTION, ETC. (IMPRINT) | |
| Place of publication | . - U K |
| Name of publisher | : Cambridge University Press |
| Year of publication | , 2024 |
| 300 ## - PHYSICAL DESCRIPTION | |
| Number of Pages | x+402 pages |
| 942 ## - ADDED ENTRY ELEMENTS (KOHA) | |
| Source of classification or shelving scheme | Dewey Decimal Classification |
| Koha item type | Reference |
| Withdrawn status | Lost status | Source of classification or shelving scheme | Damaged status | Not for loan | Home Library | Current Location | Shelving location | Date acquired | Full call number | Accession Number | Price effective from | Koha item type |
|---|---|---|---|---|---|---|---|---|---|---|---|---|
| Dewey Decimal Classification | Dept. of Political Science | Dept. of Political Science | Reference | 05/02/2026 | R 327.202 KAR/D | POL23903 | 30/06/2026 | Reference |
